Diseño de un programa de acción social para la Escuela de Ingenieria Industrial
Guardado en:
| Hovedforfatter: | |
|---|---|
| Andre forfattere: | |
| Format: | Bog |
| Udgivet: |
San José, Costa Rica
1991
|
| Fag: | |
| Tags: |
Tilføj Tag
Ingen Tags, Vær først til at tagge denne postø!
|
MARC
| LEADER | 00000nam a2200000Ia 4500 | ||
|---|---|---|---|
| 003 | 007368 | ||
| 005 | 20221231144304.0 | ||
| 008 | 140114s1991 cr a m 000 ||s d | ||
| 040 | |c cru CEDI | ||
| 090 | |a TFG 3090 | ||
| 100 | |a Durán Calvo, Luz Esther |9 11371 | ||
| 245 | |a Diseño de un programa de acción social para la Escuela de Ingenieria Industrial | ||
| 260 | |c 1991 |a San José, Costa Rica | ||
| 300 | |a 77 [81] hojas ; 28 cm. | ||
| 500 | |a Tesis (licenciatura en ingenieria industrial)--Universidad de Costa Rica. Facultad de Ingeniería. Escuela de Ingenieria Industrial | ||
| 650 | |x UNIVERSIDAD DE COSTA RICA. FACULTAD DE INGENIERIA. ESCUELA DE INGENIERIA INDUSTRIAL |x EXTENSION UNIVERSITARIA - COSTA RICA |9 11373 | ||
| 700 | |9 11372 |a Jara Vásquez, Julieta | ||
| 942 | |c TFG |2 ddc | ||
| 999 | |c 19640 |d 19640 | ||
